Vánoce /

Main Author: Dušek, Libor, 1983-
Other Authors: Kozioł, Małgorzata
Language: Czech
Published: Vrchlabí : Správa Krkonošského národního parku, 2012
Physical Description: [6] s. : il. (některé barev.) ; 21 x 10 cm
Book
Saved in:
LEADER 01279nam a2200349 a 4500
001 nkc20132437812
003 CZ PrNK
005 20130503114323.0
007 ta
008 130122s2012 xr a e f 000 0 cze
020 |a 978-80-87706-11-4  |q (brož.) 
040 |a BOA001  |b cze  |d OLA001 
043 |a e-pl---  |a e-xr---  |b e-xr-cc  |2 czenas 
072 7 |a 398  |x Folklor. Lidové tradice  |2 Konspekt  |9 1 
080 |a 398.332.416  |2 MRF 
080 |a 27-565.3  |2 MRF 
080 |a (036)  |2 MRF 
100 1 |a Dušek, Libor,  |d 1983-  |7 pna2011623669  |4 aut 
245 1 0 |a Vánoce /  |c [text L. Dušek, M. Kozioł] 
260 |a Vrchlabí :  |b Správa Krkonošského národního parku,  |c 2012 
300 |a [6] s. :  |b il. (některé barev.) ;  |c 21 x 10 cm 
650 0 7 |a Vánoce  |7 ph117162  |z Česko  |2 czenas 
650 0 7 |a vánoční zvyky  |7 ph137511  |z Česko  |2 czenas 
650 0 7 |a vánoční doba  |7 ph506468  |2 czenas 
651 7 |a Krkonoše (Česko a Polsko : pohoří)  |7 ge134289  |2 czenas 
651 7 |a Podkrkonoší (Česko)  |7 ge137859  |2 czenas 
655 7 |a brožury  |7 fd131925  |2 czenas 
700 1 |a Kozioł, Małgorzata  |7 mzk2012723931  |4 aut 
910 2 |a BOA001  |b 2-1300.422 
990 |a BK 
995 |a 61 
996 6 |b 2610540013  |c 2-1300.422  |l MZK  |r Sklad / do 1 hodiny  |n 0  |p p.v.  |w 001314020  |u 000010  |a 1  |e BOA001  |j MZK50  |s P